Disney-Zeichentrickfilme der 90er Jahre - Statistiken

Allgemein
  • Dieses Quiz wurde 68 mal gespielt
  • Das Durchschnittsergebnis liegt bei 5 aus 17
Antwortstatistiken
Antwort % Korrekt
(1994) Der König der Löwen
85%
(1992) Aladdin
58%
(1991) Die Schöne und das Biest
56%
(1995) Pocahontas
47%
(1998) Mulan
46%
(1995) Toy Story
42%
(1999) Tarzan
41%
(1996) Der Glöckner von Notre Dame
31%
(1997) Hercules
25%
(1999) Toy Story 2
25%
(1998) Der König der Löwen 2
24%
(1998) Pocahontas 2
5%
(1990) Bernhard und Bianca im Känguruland
3%
(1995) Der Goofy Film
0%
(1997) Die Schöne und das Biest - Weihnachtszauber
0%
(1990) Ducktales Der Film: Jäger der verlorenen Lampe
0%
(1999) Mickys fröhliche Weihnachten
0%
Keine übereinstimmenden Quizze gefunden
Verteilung der Resultate
Anzahl Personen mit jedem Resultat
Perzentil nach korrekt beantworteten Fragen
Ihre Resultats-Entwicklung
Sie haben dieses Quiz noch nicht gespielt